Country Flight Destinations - Albania - Statistics

General Stats
  • This quiz has been taken 27 times
  • The average score is 18 of 33
Answer Stats
Answer % Correct
Greece
91%
France
87%
Italy
87%
Spain
87%
Germany
83%
United Kingdom
83%
Turkey
78%
Netherlands
74%
Serbia
74%
Austria
70%
Croatia
65%
Poland
65%
Sweden
65%
Belgium
61%
Norway
57%
Portugal
57%
Switzerland
57%
Czech Republic
52%
Denmark
52%
Hungary
52%
Romania
52%
Finland
48%
Ireland
48%
United Arab Emirates
48%
Slovakia
35%
Cyprus
30%
Israel
26%
Malta
26%
Latvia
22%
Moldova
17%
Estonia
13%
Canada
4%
Saudi Arabia
4%
No matching quizzes found
Score Distribution
Percent of People with Each Score
Percentile by Number Answered
Your Score History
You have not taken this quiz